Wim Delvoye (Record no. 604)

MARC details
000 -LEADER
campo de control de longitud fija 00567nam a22001457a 4500
008 - DATOS DE LONGITUD FIJA--INFORMACIÓN GENERAL
campo de control de longitud fija 150515b xxu||||| |||| 00| 0 eng d
082 ## - NÚMERO DE LA CLASIFICACIÓN DECIMAL DEWEY
Número de clasificación 708
Número de ítem D 367w
100 ## - ENTRADA PRINCIPAL--NOMBRE DE PERSONA
Nombre de persona Delvoye,Wim; Bernard Marcadé;
9 (RLIN) 2703
110 ## - ENTRADA PRINCIPAL--NOMBRE DE ENTIDAD CORPORATIVA
Nombre de entidad corporativa o nombre de jurisdicción como elemento de entrada Openluchtmuseum voor Beeldhouwkunst Middelheim (Antwerp, Belgium)
9 (RLIN) 2704
245 ## - MENCIÓN DEL TÍTULO
Título Wim Delvoye
Mención de responsabilidad, etc. Delvoye,Wim; Bernard Marcadé;
260 ## - PUBLICACIÓN, DISTRIBUCIÓN, ETC.
Lugar de publicación, distribución, etc. Antwerpen
Nombre del editor, distribuidor, etc. Openluchtmuseum voor beeldhouwkunst Middelhei
Fecha de publicación, distribución, etc. 1997
300 ## - DESCRIPCIÓN FÍSICA
Extensión 64 p.
Otras características físicas ill. (color)
Dimensiones 29 cm
650 ## - PUNTO DE ACCESO ADICIONAL DE MATERIA--TÉRMINO DE MATERIA
Subdivisión general Delvoye,Wim-1965--Exhibiciones
-- Arte moderno
-- S. 20
9 (RLIN) 2705
700 ## - ENTRADA AGREGADA--NOMBRE PERSONAL
Nombre de persona Delvoye,Wim
9 (RLIN) 2706
Holdings
Estatus retirado Estado de pérdida Fuente del sistema de clasificación o colocación Estado de daño No para préstamo Biblioteca de origen Biblioteca actual Ubicación en estantería Fecha de adquisición Total de préstamos Signatura topográfica completa Código de barras Visto por última vez Precio de reemplazo Tipo de ítem Koha
    Clasificación Decimal Dewey     Biblioteca LadoV Biblioteca LadoV   15/05/2015   708 D 367w 000735 15/05/2015 15/05/2015 Material 01